Slovak journal of political sciences The Journal of University of Saint Cyril and Metodius in Trnava

Salvato in:
Dettagli Bibliografici
Natura: Periodico
Lingua:inglese
Pubblicazione: Trnava Fakulta sociálnych vied UCM v Trnave
Soggetti:
Tags: Aggiungi Tag
Nessun Tag, puoi essere il primo ad aggiungerne!!

MARC

LEADER 00000nas1a2200000 4500
001 0186343
005 20250701092130.3
022 |a 1338-3140 
022 |a 1335-9096 
041 0 |a eng 
044 |a SK 
245 1 0 |a Slovak journal of political sciences  |b The Journal of University of Saint Cyril and Metodius in Trnava 
264 1 |a Trnava  |b Fakulta sociálnych vied UCM v Trnave 
500 |a Od roku 2018 je spracovaný v elektronickej verzii 
610 2 0 |a politológia 
610 2 0 |a politika sociálna 
610 2 0 |a sociológia 
610 2 0 |a politika medzinárodná